000 00559nam a2200181 a 4500
001 2039034
003 OSt
005 20131120150902.0
008 930507s1939 es a 000 0 spa d
040 _aLU
_cBMC
082 _a972.8432
100 1 _aCárdenas, Joaquín E.
_99335
245 1 0 _aSucesos migueleños
_cJoaquín E. Cárdenas
260 _aSan Miguel
_bMinisterio de Cultura y Comunicaciones, Dirección de Publicaciones e Impresos
_c[s.a.]
300 _a329 p.
_bil.
_c23 cm
651 4 _aSan Miguel (El Salvador)
_99578
_xHistoria
942 _2ddc
_cBK
999 _c4281
_d4281